Обоснование выбора быстродействия устройств измерений реактивности; Измерительная техника; № 1

Bibliographic Details
Parent link:Измерительная техника=Measurement Techniques: научно-технический журнал/ Российская Федерация, Федеральное агентство по техническому регулированию и метрологии (Ростехрегулирование) (Госстандарт России).— , 1940-1941, 1955-.— 0368-1025
№ 1.— 2003.— С. 59-61
Main Author: Комшилов О. А.
Language:Russian
Published: 2003
Series:Измерения ионизирующий излучений
Subjects:
Format: Book Chapter
KOHA link:https://koha.lib.tpu.ru/cgi-bin/koha/opac-detail.pl?biblionumber=385107

MARC

LEADER 00000naa2a2200000 4500
001 385107
005 20231101063328.0
035 |a (RuTPU)RU\TPU\prd\12599 
090 |a 385107 
100 |a 20030411a2003 k y0rusy50 ca 
101 0 |a rus 
102 |a RU 
200 1 |a Обоснование выбора быстродействия устройств измерений реактивности  |f О. А. Комшилов 
225 1 |a Измерения ионизирующий излучений 
320 |a Библиогр.: 3 назв. 
461 1 |0 (RuTPU)RU\TPU\prd\1509  |x 0368-1025  |t Измерительная техника  |l Measurement Techniques  |o научно-технический журнал  |f Российская Федерация, Федеральное агентство по техническому регулированию и метрологии (Ростехрегулирование) (Госстандарт России)  |d 1940-1941, 1955- 
463 1 |0 (RuTPU)RU\TPU\prd\12358  |t № 1  |v С. 59-61  |d 2003 
610 1 |a атомная энергетика 
610 1 |a кинетика ядерного реактора 
610 1 |a реактивность 
610 1 |a частота дискретизации 
610 1 |a имитационное моделирование 
675 |a 621.039.51  |v 3 
700 1 |a Комшилов  |b О. А. 
801 1 |a RU  |b 63413507  |c 20030411  |g PSBO 
801 2 |a RU  |b 63413507  |c 20121217  |g RCR 
942 |c BK